| 000 | 00970nam a22002177a 4500 | ||
|---|---|---|---|
| 005 | 20170809115726.0 | ||
| 010 | _aENG-115962 | ||
| 020 |
_a9780143424567 _c599.00 |
||
| 035 | _aB-606063-077 EN-99493 | ||
| 035 | _aB-664978 | ||
| 037 |
_adpl _bBlueberry/Ven |
||
| 082 | _a954.01 | ||
| 100 | _aEraly, Abraham | ||
| 245 |
_aGem in the lotus : _cby Abraham Eraly _b the seeding of Indian civilisation / |
||
| 260 |
_bPenguin Books _c2015 _aGurgaon |
||
| 270 |
_a7th Floor, Infinity Tower C, DLF Cyber City _bGurgaon _e122002, Haryana India |
||
| 300 |
_a586p. _c23cm(pbk) |
||
| 942 |
_2ddc _cEN _h954.01 _mERA |
||
| 999 |
_c95881 _d95881 |
||